000 00379nam a2200133Ia 4500
008 220217s9999||||xx |||||||||||||| ||und||
020 _a0-07-047447-8
082 _a005.131 BAL
100 _aBal, Harshawardhan, P
_93621
245 0 _aPerl programming for bio informatics
260 _aTata mcgraw hill
_bNew Delhi
_c2003
300 _b595
650 _aPROGRAMMING LANGUAGE
999 _c172288
_d172288